01841nam a22001817a 450000500170000000800410001702000180005804000070007604100080008308200200009110000140011124500230012526000280014830000230017636500620019952013540026165000440161520250224121330.0250224b ||||| |||| 00| 0 eng d a9781529033137 cAL aeng 223a813.6bKINW aLily King aWriters and lovers aNew YorkbPicadorc2021 a324pbPBc19x13cm. 2Generala6693b₹440.00c₹d₹550.00e20%f18/02/2025 aFunny and heartbreaking, Writers & Lovers by Lily King is the bitingly clever story of Casey, a young writer who has lost her direction in life, until two men step into her world and offer her two very different futures.The New York Times Bestseller‘Captivating, potent, incisive, and wise’ – Madeline Miller, author of Circe‘Extremely funny’ – Sunday TimesRecently out of a devastating love affair and mourning the loss of her beloved mum, Casey is lost. The novel she has been writing for six years isn’t going anywhere, her debt is soaring, and at thirty-one, with all her friends getting married and having kids, she feels too old for things to be this way.Then she meets Silas. He is kind, handsome, interested. But only a few weeks later, Oscar – older, fascinating, troubled – walks into her life, his two boys in tow. Suddenly Casey finds herself at the point of a love triangle, torn between two very different relationships that promise two very different futures. And she’s still got to write that book . . .‘Suffused with hopefulness and kindness’ – Ann Patchett‘Exquisite’ – Sunday Telegraph‘Funny and immensely clever’ – Tessa Hadley‘Beautiful . . . Reading the book feels like waiting for clouds to break – a kind of gorgeous agony’ – Guardian‘I loved this book’ – Curtis Sittenfeld 2LiteratureaAmerican Fiction in English